000 00219nam a22000857a 4500
008 160713b xxu||||| |||| 00| 0 eng d
100 _92731
_a Bacher, J.M
245 _aSeasons of Love
260 _aOregon
_b Harvest House
_c1986
999 _c2372
_d2372